00386nam a2200145Ia 4500003000400000005001700004008004100021040000900062082002000071100001900091245007700110260003000187300000900217650001400226OSt20210105122510.0190216s9999||||xx |||||||||||||| ||und|| coclc a894.8125bCAS/V aCastro, Fidel  0aViplavam Ippol Arambikkunnu = The Revolution Begins Now /cFidel Castro  bIla Books,aKochi:c2006. a120p aMalayalam